| 000 | 00320nam a22001217a 4500 | ||
|---|---|---|---|
| 008 | 230605b xxu||||| |||| 00| 0 eng d | ||
| 082 |
_a328.6762 _bGIC |
||
| 100 | _cH.B ndoria Gicheru | ||
| 245 | _aParliamentary Practice in Kenya | ||
| 260 |
_aNairobi _bTransafrica publishers ltd _c1976 |
||
| 300 | _a228p | ||
| 942 |
_2ddc _cBK |
||
| 999 |
_c402 _d402 |
||